000 01271nam a2200349 i 4500
003 EG-GICUC
005 20260121101431.0
008 251204s1921 fr ||||fr|||| 00| 0 fre d
040 _aEG-GiCUC
_bfre
_cEG-GiCUC
_dEG-GiCUC
_eRda
041 0 _afre
082 0 4 _221
_a338
_bRO . É
092 0 4 _221
099 _aLaw1 13 338 RO . É 8 ed - 1921
100 1 _aRoscher, Wilhelm
_eAuteur
245 1 0 _aÉconomie industrielle.
_nTome 2 /
_bPar Wilhelm Roscher ; revue et augmentée par Wilhelm Stieda ; traduite par M. P. Hallier.
250 _aHuitième èdition
_bRevue etaugmentèe
264 1 _aParis :
_bMarcel Giard,
_c1921.
300 _a497 page ;
_c 24 cm.
_billustration ;
336 _2rda contenu
_a texte
337 _2rda medias
_aOrdinateur
338 _2 transporteur rda
_a Ressource en ligne
490 _aa Bibliothèque internationale d'économie politique ;
_vTome 2.
504 _aBibliography: pages 200-250. 240-220
546 _aTexte en français
650 1 4 _aFinances publiques et legislation fiscale
_2qrmak
651 1 _2qrmak
700 1 _aStieda, Wilhelm
_eÉditeur
700 1 _aHallier, M. P.,
_eTraducteur
856 4 0 _uhttps://fll.law.cu.edu.eg/fulltext/bks/B13-08583.pdf
905 _a30
_eHassnaa
942 _2ddc
_cBK
_e21
_n0
999 _c48436
_d48436